[Event "Madrid-ch Previa A"]
[Site "Madrid ESP"]
[Date "2014.02.17"]
[Round "7.14"]
[White "Cano Mercado, Francisco Manuel"]
[Black "Diaz Begonte, Manuel"]
[Result "1-0"]
[WhiteElo "1863"]
[BlackElo "1783"]
[PlyCount "61"]
[EventDate "2014.02.03"]
[EventType "swiss"]
[EventRounds "9"]
[EventCountry "ESP"]
[Source "lmi"]
[SourceDate "2014.02.03"]

1. d4 d5 2. Nc3 c6 3. f3 Nf6 4. e4 dxe4 5. fxe4 e5 6. Nf3 exd4 7. Qxd4 Qxd4 8.
Nxd4 Bc5 9. Nb3 Bb4 10. Bd3 O-O 11. O-O Be6 12. h3 Nbd7 13. Bg5 h6 14. Bf4 Rfe8
15. a3 Bf8 16. Na5 Nc5 17. b4 Nxd3 18. cxd3 Nh5 19. Bh2 Re7 20. Ne2 Rd7 21. d4
g5 22. Be5 Rc8 23. Rac1 Bg7 24. Bxg7 Nxg7 25. d5 Bxd5 26. exd5 Rxd5 27. Nxb7
Rd2 28. Nc3 Ne6 29. Ne4 Rd4 30. Ned6 Rc7 31. Rcd1 1-0

[Event "Madrid-ch Previa A"]
[Site "Madrid ESP"]
[Date "2014.02.17"]
[Round "7.15"]
[White "De La Fuente Ebro, Miguel Angel"]
[Black "Morera Rodriguez, Ignacio"]
[Result "0-1"]
[WhiteElo "1772"]
[BlackElo "1863"]
[PlyCount "80"]
[EventDate "2014.02.03"]
[EventType "swiss"]
[EventRounds "9"]
[EventCountry "ESP"]
[Source "lmi"]
[SourceDate "2014.02.03"]

1. d4 Nf6 2. c4 g6 3. Nc3 d5 4. e3 Bg7 5. Bd3 O-O 6. Nf3 b6 7. O-O c5 8. Qe2
Nc6 9. cxd5 cxd4 10. dxc6 dxc3 11. bxc3 Qc7 12. Ba3 Nd5 13. Rac1 Qxc6 14. Bb5
Nxc3 15. Rxc3 Qxc3 16. Bxe7 Be6 17. Bxf8 Rxf8 18. Rd1 Qb2 19. Qxb2 Bxb2 20. a4
Rc8 21. h3 Bf6 22. Nd4 Rd8 23. Rc1 Bxd4 24. exd4 Rxd4 25. Rc7 a6 26. Bxa6 Rxa4
27. Bd3 Ra1+ 28. Kh2 Ra3 29. Be4 Ra2 30. Kg3 b5 31. Rb7 Rb2 32. Rb8+ Kg7 33.
Kf3 b4 34. Ke3 b3 35. f4 Bc4 36. Rb4 Re2+ 37. Kf3 b2 38. Bb1 Re1 39. Kf2 Rxb1
40. Rxc4 Rf1+ 0-1

[Event "Madrid-ch Previa A"]
[Site "Madrid ESP"]
[Date "2014.02.17"]
[Round "7.16"]
[White "Fuster Aguilo, Juan"]
[Black "Roldan Garcia, Angel"]
[Result "0-1"]
[WhiteElo "1775"]
[BlackElo "1765"]
[PlyCount "58"]
[EventDate "2014.02.03"]
[EventType "swiss"]
[EventRounds "9"]
[EventCountry "ESP"]
[Source "lmi"]
[SourceDate "2014.02.03"]

1. e4 c5 2. Nc3 Nc6 3. g3 g6 4. Bg2 Bg7 5. d3 d6 6. Nf3 e6 7. O-O Nge7 8. Be3
O-O 9. Qd2 Nd4 10. Bxd4 cxd4 11. Ne2 Nc6 12. h4 h5 13. Nh2 e5 14. f4 Bh6 15.
Qe1 f5 16. exf5 Bxf5 17. Bd5+ Kh7 18. Nf3 Qe7 19. Bxc6 bxc6 20. Nexd4 Bg4 21.
Nxc6 Qb7 22. Qe4 exf4 23. gxf4 Rxf4 24. Ng5+ Bxg5 25. Rxf4 Bxf4 26. Rf1 Bh6 27.
Rf6 Bf5 28. Rxf5 gxf5 29. Qxf5+ Kg7 0-1

[Event "Madrid-ch Previa A"]
[Site "Madrid ESP"]
[Date "2014.02.17"]
[Round "7.17"]
[White "Quijano Cabrera, Adelardo"]
[Black "Olano Lanchas, Dionisio"]
[Result "1/2-1/2"]
[WhiteElo "1710"]
[BlackElo "1761"]
[PlyCount "109"]
[EventDate "2014.02.03"]
[EventType "swiss"]
[EventRounds "9"]
[EventCountry "ESP"]
[Source "lmi"]
[SourceDate "2014.02.03"]

1. d4 d5 2. c4 e6 3. Nc3 Bb4 4. Nf3 Ne7 5. Bf4 Nbc6 6. e3 O-O 7. Bd3 Bxc3+ 8.
bxc3 h6 9. Ne5 Nxe5 10. Bxe5 Nc6 11. Bf4 Ne7 12. h4 dxc4 13. Bxc4 Nd5 14. Bxd5
exd5 15. Rb1 b6 16. Qf3 Ba6 17. Qg3 Bd3 18. Rd1 Bc4 19. Bxh6 Qf6 20. Bf4 Qf5
21. h5 Qc2 22. Qg4 Qxc3+ 23. Rd2 Qc1+ 24. Rd1 Qc2 25. h6 Qh7 26. hxg7 Qxh1+ 27.
Kd2 Qh7 28. gxf8=Q+ Kxf8 29. Kc3 f5 30. Qh3 Qxh3 31. gxh3 Bxa2 32. Kb2 Bc4 33.
Bxc7 Kf7 34. h4 Rg8 35. Rh1 Kg6 36. h5+ Kh6 37. Bf4+ Kh7 38. Bg3 b5 39. Ra1 Rg7
40. Ra6 Rf7 41. Bb8 b4 42. Rxa7 Rxa7 43. Bxa7 Kh6 44. Bb8 Kxh5 45. Bg3 Kg4 46.
Kc2 Kf3 47. Kd2 Bb3 48. Bd6 Kxf2 49. Bxb4 Bc4 50. Bd6 Kf3 51. Bf4 Ke4 52. Bg5
Bf1 53. Bf4 Kf3 54. Bg5 Bc4 55. Bf4 1/2-1/2

[Event "Madrid-ch Previa A"]
[Site "Madrid ESP"]
[Date "2014.02.17"]
[Round "7.18"]
[White "Marcelo de la Mata, Daniel"]
[Black "Boni De Aristizabal, Marco"]
[Result "0-1"]
[WhiteElo "1668"]
[BlackElo "1756"]
[PlyCount "48"]
[EventDate "2014.02.03"]
[EventType "swiss"]
[EventRounds "9"]
[EventCountry "ESP"]
[Source "lmi"]
[SourceDate "2014.02.03"]

1. e4 Nf6 2. Nc3 d5 3. exd5 g6 4. Bc4 Nbd7 5. Nf3 Nb6 6. Bb3 Bg7 7. O-O Nbxd5
8. Nxd5 Nxd5 9. d4 c6 10. Re1 e6 11. c4 Nb6 12. d5 O-O 13. dxc6 bxc6 14. Qe2
Qc7 15. Bg5 a5 16. c5 Nd5 17. Bc4 Qa7 18. Rac1 Qxc5 19. Bxd5 Qxd5 20. Red1 Qxa2
21. Rxc6 Qxb2 22. Qe4 Bb7 23. Be7 Rfe8 24. Rd8 Raxd8 0-1

[Event "Madrid-ch Previa A"]
[Site "Madrid ESP"]
[Date "2014.02.17"]
[Round "7.19"]
[White "Lucia Carpintero, Oscar"]
[Black "Prieto Saiz, Carlos Francisco"]
[Result "0-1"]
[WhiteElo "1665"]
[BlackElo "1723"]
[PlyCount "148"]
[EventDate "2014.02.03"]
[EventType "swiss"]
[EventRounds "9"]
[EventCountry "ESP"]
[Source "lmi"]
[SourceDate "2014.02.03"]

1. d4 Nf6 2. Bg5 e6 3. e4 Be7 4. e5 Nd5 5. Bxe7 Nxe7 6. Nf3 b6 7. c4 d5 8. exd6
Qxd6 9. Nc3 Bb7 10. Be2 O-O 11. Qc2 h6 12. O-O-O c5 13. Nb5 Qf4+ 14. Qd2 Qxd2+
15. Rxd2 Nd7 16. Rhd1 cxd4 17. Nbxd4 Nf6 18. Nb5 Bc6 19. Nc3 Rac8 20. b3 b5 21.
cxb5 Bxf3 22. Bxf3 Rxc3+ 23. Kb2 Rc5 24. a4 Ned5 25. Ka3 Rfc8 26. Rd3 Rc2 27.
R1d2 R2c5 28. Rd4 g5 29. h3 Kg7 30. Be2 Kf8 31. a5 Ke7 32. Rc4 Nd7 33. Rdc2 Kd6
34. Ka4 f5 35. Rd2 Ke7 36. Rdd4 Rxc4+ 37. Bxc4 Nc5+ 38. Ka3 Rb8 39. b4 Nd7 40.
Bxd5 exd5 41. Rxd5 f4 42. Ka4 Ke6 43. Rd2 Ne5 44. Rc2 Kd7 45. Rc5 Nf7 46. a6
Nd6 47. Ka5 Rb6 48. h4 gxh4 49. Rh5 Ne4 50. Rxh4 Rf6 51. f3 Ng3 52. Rg4 Rf7 53.
b6 Rf5+ 54. b5 axb6+ 55. Kxb6 Rf6+ 56. Kb7 Nf5 57. a7 Nd6+ 58. Ka6 Nc8+ 59. Ka5
Nb6 60. Rxf4 Nc4+ 61. Kb4 Rxf4 62. Kc5 Rf8 63. Kxc4 Ra8 64. b6 Kc6 65. Kd4 Kxb6
66. g4 Rxa7 67. Ke5 Ra3 68. f4 Rg3 69. Kf5 Kc6 70. g5 h5 71. Kg6 h4 72. f5 h3
73. f6 h2 74. f7 Rf3 0-1

[Event "Madrid-ch Previa A"]
[Site "Madrid ESP"]
[Date "2014.02.17"]
[Round "7.21"]
[White "Martinez Miura, Enrique"]
[Black "Ramos Antona, Enrique"]
[Result "1-0"]
[WhiteElo "1712"]
[BlackElo "1643"]
[PlyCount "75"]
[EventDate "2014.02.03"]
[EventType "swiss"]
[EventRounds "9"]
[EventCountry "ESP"]
[Source "lmi"]
[SourceDate "2014.02.03"]

1. e4 d6 2. d4 Nf6 3. Nc3 g6 4. Be3 Bg7 5. h3 c6 6. Be2 b5 7. a3 Bb7 8. Bf3 O-O
9. Nge2 a6 10. O-O Nfd7 11. Qd2 Nb6 12. b3 N8d7 13. g3 Rc8 14. Bh6 c5 15. Bxg7
Kxg7 16. Bg2 e5 17. dxe5 dxe5 18. Rad1 Nf6 19. Qe3 Qc7 20. Rd2 Rfd8 21. Rfd1
Rxd2 22. Rxd2 b4 23. axb4 cxb4 24. Nd5 Nbxd5 25. exd5 Nd7 26. h4 Rd8 27. d6 Qb8
28. Bxb7 Qxb7 29. h5 f6 30. hxg6 hxg6 31. c4 Qc6 32. Nd4 exd4 33. Qe7+ Kh6 34.
Qxd8 Qxd6 35. Qh8+ Kg5 36. Qh4+ Kf5 37. Rxd4 Qc6 38. Qg4+ 1-0

[Event "Madrid-ch Previa A"]
[Site "Madrid ESP"]
[Date "2014.02.17"]
[Round "7.22"]
[White "Martin Rodriguez, Jose Luis"]
[Black "Corredor Gonzalez, Angel L"]
[Result "0-1"]
[WhiteElo "1385"]
[BlackElo "1750"]
[PlyCount "82"]
[EventDate "2014.02.03"]
[EventType "swiss"]
[EventRounds "9"]
[EventCountry "ESP"]
[Source "lmi"]
[SourceDate "2014.02.03"]

1. e4 e5 2. Nf3 Nf6 3. Nxe5 d6 4. Nf3 Nxe4 5. d4 d5 6. Bd3 Nc6 7. O-O Be7 8.
Nbd2 Nxd2 9. Bxd2 Bg4 10. c3 O-O 11. Re1 Bf6 12. h3 Bh5 13. Bf5 h6 14. Qe2 Ne7
15. Bc2 Nc8 16. Bf4 Nd6 17. g4 Re8 18. Qf1 Bg6 19. Bxg6 fxg6 20. Qd3 Ne4 21.
Ne5 Bxe5 22. Bxe5 Qh4 23. Rxe4 dxe4 24. Qxe4 Kh7 25. Qg2 c6 26. Rf1 Rf8 27. f4
Rf7 28. f5 Qg5 29. fxg6+ Qxg6 30. Rxf7 Qxf7 31. Qe4+ g6 32. h4 Rf8 33. Qg2 Qxa2
34. h5 Qb1+ 35. Kh2 g5 36. Qe2 Rf1 37. Bd6 Rh1+ 38. Kg3 Qg1+ 39. Kf3 Rh3+ 40.
Ke4 Qh1+ 41. Kf5 Qd5+ 0-1

[Event "Madrid-ch Previa A"]
[Site "Madrid ESP"]
[Date "2014.02.17"]
[Round "7.23"]
[White "Jimenez Jimenez, Darfo"]
[Black "Buergo Villanueva, Fernando"]
[Result "1-0"]
[WhiteElo "1673"]
[BlackElo "1321"]
[PlyCount "67"]
[EventDate "2014.02.03"]
[EventType "swiss"]
[EventRounds "9"]
[EventCountry "ESP"]
[Source "lmi"]
[SourceDate "2014.02.03"]

1. e4 c6 2. d4 d5 3. e5 e6 4. Be3 Ne7 5. Bd3 Nf5 6. Nd2 Bb4 7. Ngf3 Nxe3 8.
fxe3 c5 9. c3 c4 10. Qa4+ Bd7 11. Qxb4 cxd3 12. O-O b5 13. Nb3 a5 14. Qd6 Ra6
15. Qc5 a4 16. Nbd2 Rb6 17. b3 Na6 18. Qa3 b4 19. Qb2 a3 20. Qc1 Rc6 21. c4 g5
22. Ne1 g4 23. Nxd3 Qg5 24. Qe1 Rf8 25. Nf4 h5 26. cxd5 exd5 27. Nxd5 h4 28.
Ne4 Qg7 29. Nef6+ Kd8 30. Nxb4 Nxb4 31. Qxb4 Rh8 32. Qb8+ Bc8 33. Rac1 Rxc1 34.
Qd6+ 1-0

[Event "Madrid-ch Previa A"]
[Site "Madrid ESP"]
[Date "2014.02.17"]
[Round "7.26"]
[White "Cortijo Manso, Luis"]
[Black "Benito Mellado, Humberto"]
[Result "1-0"]
[WhiteElo "1554"]
[BlackElo "1522"]
[PlyCount "85"]
[EventDate "2014.02.03"]
[EventType "swiss"]
[EventRounds "9"]
[EventCountry "ESP"]
[Source "lmi"]
[SourceDate "2014.02.03"]

1. d4 d5 2. c4 Nf6 3. Nf3 Bg4 4. Nbd2 dxc4 5. g3 e6 6. Bg2 Nc6 7. e3 Na5 8. O-O
c6 9. Qc2 Qc7 10. Ne5 Bf5 11. e4 Bg4 12. Nxg4 Nxg4 13. Nxc4 c5 14. Bf4 Qd8 15.
h3 Nxc4 16. Qxc4 Nh6 17. dxc5 Be7 18. Rad1 Qc8 19. Qb5+ Qc6 20. Qxc6+ bxc6 21.
Bd6 Bxd6 22. Rxd6 Rc8 23. e5 Nf5 24. Rxc6 O-O 25. Rxc8 Rxc8 26. Rc1 Kf8 27. b4
Nd4 28. Kf1 Ke7 29. c6 Nb5 30. a4 Nc7 31. Ke2 Rd8 32. Rd1 Rxd1 33. Kxd1 Na6 34.
b5 Nc5 35. a5 Kd8 36. Kc2 Kc7 37. Kc3 f6 38. f4 fxe5 39. fxe5 g6 40. Kc4 Na4
41. h4 h6 42. Bh3 Nb2+ 43. Kd4 1-0

[Event "Madrid-ch Previa A"]
[Site "Madrid ESP"]
[Date "2014.02.18"]
[Round "8.1"]
[White "Ore Leon, Gustavo"]
[Black "Jimenez Gonzalez, Marcos"]
[Result "1-0"]
[WhiteElo "1814"]
[BlackElo "1852"]
[PlyCount "71"]
[EventDate "2014.02.03"]
[EventType "swiss"]
[EventRounds "9"]
[EventCountry "ESP"]
[Source "lmi"]
[SourceDate "2014.02.03"]

1. Nf3 e6 2. d3 d5 3. Nbd2 c5 4. g3 Nc6 5. Bg2 Nf6 6. O-O Be7 7. Re1 O-O 8. e4
b5 9. e5 Nd7 10. h4 a5 11. a4 bxa4 12. Rxa4 Nb4 13. Nf1 Ba6 14. N1h2 Rc8 15. h5
Bb5 16. Ra1 a4 17. Bf1 Qb6 18. c3 Na6 19. Ng4 f5 20. exf6 Bxf6 21. Nxf6+ Rxf6
22. Bg5 Rf7 23. Bh3 Nc7 24. Bf4 Nf8 25. Ne5 Re7 26. Qg4 Ne8 27. Qg5 Qd8 28. h6
Ng6 29. Nxg6 hxg6 30. Qxg6 Nc7 31. Bxc7 Rcxc7 32. Bxe6+ Kh8 33. Kg2 Be8 34.
hxg7+ Rxg7 35. Rh1+ Rh7 36. Qg8# 1-0

[Event "Madrid-ch Previa A"]
[Site "Madrid ESP"]
[Date "2014.02.18"]
[Round "8.3"]
[White "Garcia Fernandez, Jesus"]
[Black "Lozano Sanchez, Jose Antonio"]
[Result "1/2-1/2"]
[WhiteElo "1887"]
[BlackElo "1857"]
[PlyCount "55"]
[EventDate "2014.02.03"]
[EventType "swiss"]
[EventRounds "9"]
[EventCountry "ESP"]
[Source "lmi"]
[SourceDate "2014.02.03"]

1. d4 d5 2. e4 dxe4 3. Nc3 Nf6 4. f3 Bf5 5. fxe4 Nxe4 6. Qf3 Nd6 7. Bf4 Qc8 8.
Bxd6 cxd6 9. Bb5+ Bd7 10. Nge2 a6 11. Bxd7+ Qxd7 12. O-O e6 13. Rae1 Nc6 14.
Qf2 d5 15. Nf4 O-O-O 16. Nd3 f6 17. Na4 Qd6 18. Nac5 Re8 19. c3 a5 20. Nxe6
Rxe6 21. Qf5 Nd8 22. Nc5 g6 23. Qh3 f5 24. Nxe6 Nxe6 25. Qe3 Kd7 26. Qe2 a4 27.
Qb5+ Qc6 28. Qd3 1/2-1/2

[Event "Madrid-ch Previa A"]
[Site "Madrid ESP"]
[Date "2014.02.18"]
[Round "8.4"]
[White "Perez Cameselle, Francisco Jose"]
[Black "Hernandez Garcia, Carlos"]
[Result "1-0"]
[WhiteElo "1895"]
[BlackElo "1819"]
[PlyCount "145"]
[EventDate "2014.02.03"]
[EventType "swiss"]
[EventRounds "9"]
[EventCountry "ESP"]
[Source "lmi"]
[SourceDate "2014.02.03"]

1. e4 c5 2. d3 Nc6 3. Nf3 d6 4. g3 Bg4 5. h3 Bxf3 6. Qxf3 Nd4 7. Qd1 e6 8. Bg2
Qc7 9. c3 Nc6 10. O-O Nf6 11. Nd2 Be7 12. Qe2 O-O 13. a4 d5 14. f4 dxe4 15.
dxe4 Rfd8 16. Nc4 Na5 17. Nxa5 Qxa5 18. g4 Rd7 19. g5 Ne8 20. Be3 Rad8 21. Rfd1
Qc7 22. Rxd7 Qxd7 23. Qb5 b6 24. Qxd7 Rxd7 25. a5 Nd6 26. axb6 axb6 27. Ra8+
Rd8 28. Ra7 Kf8 29. Bf3 Ke8 30. Kf2 Nc4 31. Bc1 Na5 32. e5 c4 33. Ra8 Rxa8 34.
Bxa8 Kd7 35. Be3 Kc7 36. Be4 g6 37. Ke2 Nb3 38. Bc2 Na1 39. Ba4 Nb3 40. Bb5 Na5
41. Be8 Bd8 42. Bxf7 Kd7 43. Bg8 Ke7 44. h4 Bc7 45. Bxh7 Kf7 46. h5 gxh5 47.
Be4 Bd8 48. Kf2 Nb3 49. Kg3 Nc5 50. Bf3 Nd3 51. Bxh5+ Kg7 52. Be2 Nxb2 53. Bc1
Nd3 54. Bxd3 cxd3 55. Kf3 Kg6 56. Ke4 b5 57. Kxd3 Kf5 58. Be3 Bc7 59. Ke2 Ba5
60. Bd2 Bb6 61. Kf3 Ba5 62. Kg3 Bc7 63. Be3 Ba5 64. Bd4 Bd8 65. Kf3 Be7 66. Bb6
Ba3 67. Ba5 Bc1 68. g6 Kxg6 69. Kg4 Bd2 70. Bb4 Be3 71. Kf3 Bb6 72. Ke4 Kf7 73.
f5 1-0

[Event "Madrid-ch Previa A"]
[Site "Madrid ESP"]
[Date "2014.02.18"]
[Round "8.5"]
[White "Caamano Jimenez, Luis"]
[Black "Fernandez Aransay, Fernando"]
[Result "0-1"]
[WhiteElo "1772"]
[BlackElo "1886"]
[PlyCount "40"]
[EventDate "2014.02.03"]
[EventType "swiss"]
[EventRounds "9"]
[EventCountry "ESP"]
[Source "lmi"]
[SourceDate "2014.02.03"]

1. d4 d5 2. Nf3 Nf6 3. Bf4 c5 4. c3 Nc6 5. e3 Qb6 6. Qb3 c4 7. Qxb6 axb6 8.
Nbd2 h6 9. h3 Bf5 10. Be2 b5 11. b4 Ra3 12. Rc1 e6 13. O-O Be7 14. g4 Bh7 15.
Ne5 O-O 16. Nxc6 bxc6 17. e4 Bxe4 18. Nxe4 Nxe4 19. Bf3 Nxc3 20. Rc2 Nxa2 0-1

[Event "Madrid-ch Previa A"]
[Site "Madrid ESP"]
[Date "2014.02.18"]
[Round "8.6"]
[White "Camarero Izquierdo, Juan Carlos"]
[Black "Algaba Traspuesto, Jose Antonio"]
[Result "1/2-1/2"]
[WhiteElo "1870"]
[BlackElo "1721"]
[PlyCount "38"]
[EventDate "2014.02.03"]
[EventType "swiss"]
[EventRounds "9"]
[EventCountry "ESP"]
[Source "lmi"]
[SourceDate "2014.02.03"]

1. e4 e6 2. d4 d5 3. e5 c5 4. c3 Qb6 5. Nf3 Bd7 6. Bd3 cxd4 7. cxd4 Bb5 8. O-O
Bxd3 9. Qxd3 Qa6 10. Qd1 Nc6 11. Ng5 h6 12. Qh5 g6 13. Qh4 Nge7 14. Nf3 Nf5 15.
Qf4 Be7 16. h4 Qd3 17. Be3 Qe4 18. Qxe4 dxe4 19. Nfd2 Ncxd4 1/2-1/2

[Event "Madrid-ch Previa A"]
[Site "Madrid ESP"]
[Date "2014.02.18"]
[Round "8.7"]
[White "Martin-Consuegra Barrilero, Javier"]
[Black "Gonzalez Recas, Fernando"]
[Result "1-0"]
[WhiteElo "1853"]
[BlackElo "1796"]
[PlyCount "77"]
[EventDate "2014.02.03"]
[EventType "swiss"]
[EventRounds "9"]
[EventCountry "ESP"]
[Source "lmi"]
[SourceDate "2014.02.03"]

1. d4 Nf6 2. Bf4 g6 3. h3 Bg7 4. e3 O-O 5. Nf3 d6 6. Be2 Nfd7 7. O-O e5 8. Bh2
Nc6 9. c3 f5 10. a4 e4 11. Nfd2 d5 12. Na3 Nf6 13. b4 Be6 14. Qb3 Qd7 15. Nc2
g5 16. a5 Bh6 17. b5 Ne7 18. Be5 f4 19. f3 Nh5 20. Rfe1 Bxh3 21. fxe4 fxe3 22.
Nf1 Bxg2 23. Kxg2 Rf2+ 24. Kg1 Nf4 25. Ncxe3 Nh3+ 26. Kh1 Nf4 27. Bg4 Qe8 28.
Nxd5 Nexd5 29. exd5 Qf7 30. Ne3 Re8 31. Qb1 Nxd5 32. Nxd5 Qxd5+ 33. Qe4 Qf7 34.
Re2 Bg7 35. Rxf2 Qxf2 36. Qd5+ Kf8 37. Bxg7+ Kxg7 38. Qxg5+ Kh8 39. Qf5 1-0

[Event "Madrid-ch Previa A"]
[Site "Madrid ESP"]
[Date "2014.02.18"]
[Round "8.8"]
[White "Saber, Salah"]
[Black "Quispe Arteaga, Gabriel"]
[Result "1-0"]
[WhiteElo "1845"]
[BlackElo "1556"]
[PlyCount "77"]
[EventDate "2014.02.03"]
[EventType "swiss"]
[EventRounds "9"]
[EventCountry "ESP"]
[Source "lmi"]
[SourceDate "2014.02.03"]

1. e4 c5 2. f4 Nc6 3. Nf3 d6 4. Bb5 a6 5. Bxc6+ bxc6 6. c4 Bg4 7. O-O g6 8. h3
Bxf3 9. Qxf3 Bg7 10. Nc3 Qc7 11. Ne2 Rb8 12. Nc3 Nf6 13. b3 Nd7 14. Bb2 Bd4+
15. Kh1 f6 16. Rae1 Kf7 17. Nd1 Bxb2 18. Nxb2 Rhf8 19. Qc3 e6 20. e5 dxe5 21.
fxe5 f5 22. d4 Kg7 23. d5 Rh8 24. d6 Qb6 25. Nd3 h5 26. Nf4 g5 27. Qg3 Qd8 28.
h4 Kh6 29. hxg5+ Qxg5 30. Qe3 Nf8 31. Qxc5 Ng6 32. Nxg6 Kxg6 33. Qxc6 h4 34.
Qf3 Rbg8 35. c5 Kf7 36. Rg1 Qg3 37. Re3 Rg4 38. Rf1 Rhg8 39. Qb7+ 1-0

[Event "Madrid-ch Previa A"]
[Site "Madrid ESP"]
[Date "2014.02.18"]
[Round "8.9"]
[White "Montes De Santiago, Fernando"]
[Black "Lopez Orellana, Federico"]
[Result "1-0"]
[WhiteElo "1826"]
[BlackElo "1818"]
[PlyCount "91"]
[EventDate "2014.02.03"]
[EventType "swiss"]
[EventRounds "9"]
[EventCountry "ESP"]
[Source "lmi"]
[SourceDate "2014.02.03"]

1. d4 Nf6 2. c4 e5 3. e3 exd4 4. exd4 Bb4+ 5. Bd2 Bxd2+ 6. Nxd2 d5 7. Ngf3 O-O
8. Be2 Nc6 9. O-O Bg4 10. Qb3 Rb8 11. a3 Re8 12. Bd3 Na5 13. Qa4 Nxc4 14. Bxc4
dxc4 15. Qxa7 Ne4 16. Rfe1 Nxd2 17. Nxd2 Be6 18. Qc5 Qd5 19. Qxd5 Bxd5 20. Rac1
Kf8 21. f3 b5 22. Kf2 Rxe1 23. Kxe1 Ke7 24. Ne4 Bxe4 25. fxe4 Kd6 26. Ke2 Re8
27. Ke3 Re6 28. Rf1 Ke7 29. d5 Rg6 30. g3 b4 31. Rc1 bxa3 32. bxa3 Ra6 33. Rc3
Kd6 34. Kd4 Ra4 35. e5+ Kd7 36. Kc5 Ke7 37. Kb5 Ra8 38. Kxc4 Ra4+ 39. Kb5 Rd4
40. Rxc7+ Kd8 41. d6 Rd5+ 42. Rc5 Rd2 43. a4 Rxh2 44. a5 h5 45. a6 Rb2+ 46. Kc6
1-0

[Event "Madrid-ch Previa A"]
[Site "Madrid ESP"]
[Date "2014.02.18"]
[Round "8.10"]
[White "Santamaria Baeza, A."]
[Black "Morera Rodriguez, Ignacio"]
[Result "0-1"]
[WhiteElo "1928"]
[BlackElo "1863"]
[PlyCount "110"]
[EventDate "2014.02.03"]
[EventType "swiss"]
[EventRounds "9"]
[EventCountry "ESP"]
[Source "lmi"]
[SourceDate "2014.02.03"]

1. e4 c5 2. Nf3 d6 3. d4 cxd4 4. Nxd4 Nf6 5. Nc3 a6 6. Bc4 e6 7. O-O Be7 8. f4
b5 9. Bb3 Bb7 10. e5 dxe5 11. fxe5 Nd5 12. Nxd5 Bxd5 13. c3 O-O 14. Qh5 b4 15.
Bc2 g6 16. Qh6 bxc3 17. bxc3 Qc7 18. Qe3 Bc5 19. Bb3 Bxb3 20. axb3 Nc6 21. Re1
Rfd8 22. Bb2 Rd5 23. Kh1 Rxe5 24. Qf3 Rxe1+ 25. Rxe1 Rc8 26. Nc2 Rd8 27. Bc1
Ne5 28. Qg3 Bd6 29. Bg5 Rd7 30. Bf6 Nc6 31. Qf3 Bxh2 32. Nd4 Nxd4 33. cxd4 Bg3
34. Ra1 Rd5 35. Kg1 Rf5 36. Qa8+ Qb8 37. Qxb8+ Bxb8 38. Rxa6 Bh2+ 39. Kxh2 Rxf6
40. Kg3 Rf5 41. Rd6 Rb5 42. Kf4 Rxb3 43. g4 Rb5 44. Ke4 h5 45. gxh5 Rxh5 46.
Ra6 Rf5 47. Rc6 g5 48. Ra6 Kg7 49. Rc6 Rd5 50. Rc7 Kg6 51. Rc5 f5+ 52. Kd3 Rxc5
53. dxc5 Kf6 54. Kc4 Ke7 55. Kb5 Kd7 0-1

[Event "Madrid-ch Previa A"]
[Site "Madrid ESP"]
[Date "2014.02.18"]
[Round "8.11"]
[White "Roldan Garcia, Angel"]
[Black "Crespo Villalba, Israel"]
[Result "1/2-1/2"]
[WhiteElo "1765"]
[BlackElo "1897"]
[PlyCount "89"]
[EventDate "2014.02.03"]
[EventType "swiss"]
[EventRounds "9"]
[EventCountry "ESP"]
[Source "lmi"]
[SourceDate "2014.02.03"]

1. e4 d6 2. d4 Nf6 3. Nc3 g6 4. Be3 Bg7 5. Qd2 O-O 6. Bh6 c6 7. h4 Bxh6 8. Qxh6
Ng4 9. Qd2 h5 10. O-O-O Qa5 11. f3 Nf6 12. Bc4 Kg7 13. Nh3 b5 14. Bb3 Nbd7 15.
Qg5 c5 16. dxc5 dxc5 17. Bd5 Rb8 18. Kb1 b4 19. Ne2 Nxd5 20. exd5 f6 21. Qe3
Rf7 22. Nhf4 Nf8 23. Ne6+ Nxe6 24. dxe6 Rf8 25. Nf4 Rb6 26. Qe4 f5 27. Qe5+ Kh7
28. Qc7 Rg8 29. Qxe7+ Rg7 30. Qe8 Ra6 31. Rd8 Qxa2+ 32. Kc1 Kh6 33. Qh8+ Rh7
34. Qf6 Rxe6 35. Nxe6 Bxe6 36. Re1 Bg8 37. Rd6 Rg7 38. Qf8 Qa1+ 39. Kd2 Qxb2
40. Re7 Qc3+ 41. Kc1 Qa1+ 42. Kd2 Qc3+ 43. Kc1 Qa1+ 44. Kd2 Qc3+ 45. Kc1
1/2-1/2

[Event "Madrid-ch Previa A"]
[Site "Madrid ESP"]
[Date "2014.02.18"]
[Round "8.12"]
[White "Cisneros Rodriguez, Amick"]
[Black "Cano Mercado, Francisco Manuel"]
[Result "0-1"]
[WhiteElo "1711"]
[BlackElo "1863"]
[PlyCount "106"]
[EventDate "2014.02.03"]
[EventType "swiss"]
[EventRounds "9"]
[EventCountry "ESP"]
[Source "lmi"]
[SourceDate "2014.02.03"]

1. e4 e6 2. d3 d5 3. Nd2 c5 4. g3 Nc6 5. Bg2 Nf6 6. f4 Qb6 7. e5 Ng8 8. c3 Nge7
9. g4 g5 10. fxg5 Nxe5 11. Ndf3 N7c6 12. Nxe5 Nxe5 13. Nf3 Ng6 14. Rb1 Bd6 15.
O-O Bd7 16. Qb3 Bc6 17. Qxb6 axb6 18. a3 Bb5 19. Ne1 Ke7 20. h3 Bg3 21. Be3 Ne5
22. Bf4 Bxf4 23. Rxf4 Nxd3 24. Nxd3 Bxd3 25. Re1 Bc4 26. Re3 Rag8 27. Ref3 Rg7
28. Bf1 Bxf1 29. Rxf1 h6 30. gxh6 Rxh6 31. Kg2 f5 32. Kg3 b5 33. a4 bxa4 34.
Rxa4 Kd6 35. b3 Rhg6 36. Rff4 fxg4 37. Rxg4 Rxg4+ 38. hxg4 Ke5 39. Ra5 Kd6 40.
Ra4 e5 41. Ra8 d4 42. cxd4 exd4 43. Rd8+ Kc6 44. Kf3 Kb5 45. Rd6 Ka5 46. Kf4
Kb4 47. Rb6+ Kc3 48. g5 d3 49. Rd6 b5 50. g6 c4 51. bxc4 bxc4 52. Kg5 d2 53.
Kf6 Rxg6+ 0-1

[Event "Madrid-ch Previa A"]
[Site "Madrid ESP"]
[Date "2014.02.18"]
[Round "8.13"]
[White "Martinez Miura, Enrique"]
[Black "Hernandez Gutierrez, Jose"]
[Result "0-1"]
[WhiteElo "1712"]
[BlackElo "1852"]
[PlyCount "72"]
[EventDate "2014.02.03"]
[EventType "swiss"]
[EventRounds "9"]
[EventCountry "ESP"]
[Source "lmi"]
[SourceDate "2014.02.03"]

1. e4 c5 2. c4 Nc6 3. Nc3 d6 4. g3 g6 5. Bg2 Bg7 6. Nge2 e6 7. O-O Nge7 8. d3
O-O 9. Be3 Nd4 10. f4 Nec6 11. Bf2 Rb8 12. Nxd4 Nxd4 13. Ne2 b5 14. Nxd4 cxd4
15. cxb5 Rxb5 16. b3 Rc5 17. Rc1 Rxc1 18. Qxc1 Ba6 19. Rd1 Qa5 20. Qb2 Qc3 21.
Qa3 Qc6 22. e5 Qb6 23. exd6 Rd8 24. Be1 Bf8 25. Ba5 Qxd6 26. Bb4 Qb6 27. Bxf8
Rxf8 28. Bf1 Rc8 29. Rc1 Rc3 30. Rd1 Bb7 31. Bg2 Bxg2 32. Kxg2 Rc2+ 33. Kh3 Qb5
34. g4 Qd5 35. Rg1 Qf3+ 36. Kh4 Qxf4 0-1

[Event "Madrid-ch Previa A"]
[Site "Madrid ESP"]
[Date "2014.02.18"]
[Round "8.14"]
[White "Rodriguez Bachiller, Luis"]
[Black "Quijano Cabrera, Adelardo"]
[Result "1/2-1/2"]
[WhiteElo "1771"]
[BlackElo "1710"]
[PlyCount "106"]
[EventDate "2014.02.03"]
[EventType "swiss"]
[EventRounds "9"]
[EventCountry "ESP"]
[Source "lmi"]
[SourceDate "2014.02.03"]

1. e4 c5 2. Nf3 d6 3. d4 cxd4 4. Qxd4 Nc6 5. Bb5 Bd7 6. Bxc6 Bxc6 7. Nc3 Nf6 8.
Bg5 g6 9. O-O-O Bg7 10. Qd3 O-O 11. Rhe1 Qa5 12. Qd2 Rfe8 13. Kb1 Rac8 14. Nd4
Qb6 15. Nb3 Nd7 16. Be3 Bxc3 17. Qxc3 Qc7 18. f3 Ba4 19. Qxc7 Rxc7 20. Rd4 Bxb3
21. cxb3 Rec8 22. Rc1 b6 23. Rxc7 Rxc7 24. Rc4 Rxc4 25. bxc4 Kg7 26. Kc2 Kf6
27. Kc3 Ke6 28. b4 Ne5 29. a4 Nd7 30. Bd4 Ne5 31. b5 Nd7 32. a5 Nc5 33. a6 f6
34. g4 h6 35. Be3 g5 36. Bf2 Ke5 37. Bg3+ Ke6 38. h4 Nd7 39. Bf2 Ke5 40. Bg3+
Ke6 41. f4 Nc5 42. f5+ Kd7 43. Kd4 e6 44. fxe6+ Kxe6 45. h5 Nd7 46. Bf2 Nc5 47.
Be3 Nd7 48. Bf2 Ne5 49. Kc3 Nd7 50. Bd4 Nc5 51. Kc2 Nd7 52. Kd2 Nc5 53. Ke2 Nd7
1/2-1/2